000 00545nam a22001932 4500
001 0000003682
005 20151217151928.0
008 070514s xx 000 0 eng d
040 _aKABU
_cKABU
050 0 _aQC16
_b.F47S44
100 1 _aSegre, Emilio.
_@0000153768
245 1 0 _aEurico Fermi :
_bPhysicist.
260 _aChicago :
_bUniversity of Chicago Press,
_c1970.
300 _ax, 1970 p.
600 1 0 _aFermi, Eurico,
_d1901-1954.
_@0000153769
908 _a070514
950 _@1
999 _c6451
_d6451